Normal view
MARC view
Entry Personal Name
001 - CONTROL NUMBER
- control field: 43814
003 - CONTROL NUMBER IDENTIFIER
- control field: dpl
005 - DATE AND TIME OF LATEST TRANSACTION
- control field: 20120316113149.0
008 - FIXED-LENGTH DATA ELEMENTS
- fixed length control field: 120316|||a|||||| | ||| d
040 ## - CATALOGING SOURCE
- Original cataloging agency: dpl
- Transcribing agency: dpl
100 ## - HEADING--PERSONAL NAME
- Personal name: Pierce, Douglas
670 ## - SOURCE DATA FOUND
- Source citation: Work cat.: (dpl)63883: Pierce, Douglas, Cracking the TOEFL iBT(Test of English as aForeign Language Internet-Based Test) , 2012
670 ## - SOURCE DATA FOUND
- Source citation: Work cat.: (dpl)63883: Pierce, Douglas, Cracking the TOEFL iBT(Test of English as aForeign Language Internet-Based Test) , 2012
